000 004940000a22001810004500
020 _a0-87784-762-2
041 0 _aENG
082 0 4 _aG 170 H362s
245 1 0 _aThe scientist and ethical decision / Charles Hatfield, Editor
260 _aDowners Grove, ILL., USA : InterVarsity
300 _a176 Pag.
650 1 4 _aCIENCIA Y ETICA - CONGRESOS
001 948
942 _cBK
999 _c32340
_d32340
336 _atexto
_btxt
_2rdacontent
337 _2rdamedia
_asin mediación
_bn
338 _2rdacarrier
_avolumen
_bnc